00993nam a2200241 a 450000100100000000500170001000800410002702000150006804000250008308200200010810000350012824500760016326000430023930000200028249000700030250000700037259000260044270000330046883000770050191000380057895201180061699900170073400004181320201002035753.0131018s2006 dr r 000 p spa d a999346225x aDO-SdBNPbspacBNPHU aRD861.44bD542a1 aDíaz, Ángel,d1969-96868710aAdelaide y otras canciones. /cÁngel Díaz; prólogo, Willy Suriel. aSanto Domingo :bUniversitaria,c2006. a92 p. ;c21 cm.1 aPublicaciones de la Universidad Autónoma de Santo Domingov1261 aIncluye datos biografícos del autor en la solapa de la cubierta aInventariado, 2018/BT12aSuriel, Willy,eprol.968688 0aPublicaciones de la Universidad Autónoma de Santo Domingon1261968689 aValidado. Control de calidad. MFF 0010718PDaPDbPDcHDd2013-10-18iLF1l0oRD861.44 D542ap41813-10r2020-06-25w2020-06-25yLFPDZNo se presta c41302d41302